Central Library OPAC University of Rajshahi

The British overseas : (Record no. 43025)

MARC details
000 -LEADER
fixed length control field 00811nam a2200277 a 4500
001 - CONTROL NUMBER
control field 43025
003 - CONTROL NUMBER IDENTIFIER
rucl marc code BD-RjUL
005 - DATE AND TIME OF LATEST TRANSACTION
control field 20211209053631.0
008 - FIXED-LENGTH DATA ELEMENTS--GENERAL INFORMATION
fixed length control field 160618s1968 enka 001 0 eng
020 ## - INTERNATIONAL STANDARD BOOK NUMBER
International Standard Book Number 052109514X
035 ## - SYSTEM CONTROL NUMBER
System control number (BD-RjUL)43143
System control number 2102077
040 ## - CATALOGING SOURCE
Original cataloging agency LC
Language of cataloging eng
Transcribing agency LC
Modifying agency SSL
041 ## - LANGUAGE CODE
Language code of text/sound track or separate title eng
082 04 - DEWEY DECIMAL CLASSIFICATION NUMBER
Classification number 325.342
Author mark and year CAB 1968
100 1# - MAIN ENTRY--PERSONAL NAME
Personal name Carrington, Charles E.
Fuller form of name (Charles Edmund),
Dates associated with a name 1897-
9 (RLIN) 132113
245 14 - TITLE STATEMENT
Title The British overseas :
Remainder of title exploits of a nation of shopkeepers /
Statement of responsibility, etc. by C. E. Carrington.
250 ## - EDITION STATEMENT
Edition statement 2nd ed.
260 ## - PUBLICATION, DISTRIBUTION, ETC. (IMPRINT)
Place of publication, distribution, etc. London :
Name of publisher, distributor, etc. Cambridge U.P.,
Date of publication, distribution, etc. 1968
300 ## - PHYSICAL DESCRIPTION
Pagination v. :
Illustrations ill. ;
Size 21 cm.
500 ## - GENERAL NOTE
General note Includes index
505 0# - FORMATTED CONTENTS NOTE
Formatted contents note pt. 1: Making of the empire.
651 #0 - SUBJECT ADDED ENTRY--GEOGRAPHIC NAME
Geographic name Great Britain
General subdivision Colonies
-- History.
9 (RLIN) 132114
942 ## - ADDED ENTRY ELEMENTS (KOHA)
Source of classification or shelving scheme Dewey Decimal Classification
Koha item type Books
Holdings
Lost status Source of classification or shelving scheme Damaged status Not for loan Collection code Permanent Location Current Location Shelving location Date acquired Source of acquisition Cost, normal purchase price Total Checkouts Full call number Date last seen Copy number Koha item type
  Dewey Decimal Classification     Non-fiction Central Library, University of Rajshahi Central Library, University of Rajshahi   21/08/1970 Zeitlinger 63.00   325.342 CAB V-1 1968 18/06/2016 C-2 Books